zpět

Detail výsledku týmu

ZÓNA 59, Brno

Datum a čas kvízu

38 Celkem bodů Celkový počet nahraných bodů na tomto kvízu bez doplňovacích otázek.
1. Pořadí na kvízu Konečné umístění týmu na tomto kvízu.

Zaznamenané odpovědi

# Otázka Odpověď Body Výsledky
1. Proti návrhu poslance ANO přej... 1
2. V severoitalské Pavii byl v mi... 0
3. Která naše televizní stanice o... 1
4. Švýcarská společnost Nestlé pr... 1
5. Slávističtí fotbalisté v 3. př... 1
5. Halí, belí, koně v zelí a ___... 1
7. Rodičovský příspěvek navazuje... 0
8. Jak se jmenuje značka kojeneck... 1
5. Kolik je vývojových fází dětst... 1
10. Na závěr si dovolíme jeden osl... 1